[Event "Titled Tuesday intern op 09th Aug Early"]
[Site "Chess.com INT"]
[Date "2022.08.09"]
[Round "1"]
[White "Kostiukov, Alexandr"]
[Black "Bekturov, Tamerlan"]
[Result "0-1"]
[WhiteElo "2271"]
[BlackElo "2219"]
[PlyCount "88"]
[EventDate "2022.08.09"]
[EventType "swiss (blitz)"]
[EventRounds "11"]
[EventCountry "USA"]
[SourceTitle "EXT 2023"]
[Source "ChessBase"]
[SourceDate "2022.10.05"]
[SourceVersion "1"]
[SourceVersionDate "2022.10.05"]
[SourceQuality "1"]

1. g3 d5 2. Bg2 e5 3. c4 dxc4 4. Qa4+ c6 5. Qxc4 Nf6 6. Nf3 Bd6 7. 0-0 0-0 8. Nc3 Na6 9. d4 Be6 10. Qd3 Nb4 11. Qd1 exd4 12. Nxd4 Bc4 13. b3 Be5 14. Be3 Ba6 15. a3 Nbd5 16. Nxd5 Nxd5 17. Qc1 Nxe3 18. fxe3 Bxd4 19. exd4 Qxd4+ 20. Kh1 Bxe2 21. Rf4 Qd6 22. Ra2 Rfe8 23. h4 Qd1+ 24. Qxd1 Bxd1 25. b4 Rad8 26. b5 Bb3 27. Rb2 Bd5 28. bxc6 bxc6 29. Ra4 Bxg2+ 30. Kxg2 Re7 31. Ra6 Rc7 32. Rc2 c5 33. Rc4 Kf8 34. Ra5 Rd5 35. Rb5 Ke7 36. Kf3 Kd6 37. a4 Rd4 38. Rc3 Rxa4 39. Rb8 c4 40. Rd8+ Kc5 41. Ke4 Kb4 42. Rc1 c3 43. Rb8+ Kc5+ 44. Kd3 Rd4+ 0-1

[Event "Titled Tuesday intern op 02nd Aug Early"]
[Site "Chess.com INT"]
[Date "2022.08.02"]
[Round "2"]
[White "Putri, Regita Desyari"]
[Black "Bekturov, Tamerlan"]
[Result "0-1"]
[WhiteElo "1897"]
[BlackElo "2219"]
[PlyCount "72"]
[EventDate "2022.08.02"]
[EventType "swiss (blitz)"]
[EventRounds "11"]
[EventCountry "USA"]
[SourceTitle "EXT 2023"]
[Source "ChessBase"]
[SourceDate "2022.10.05"]
[SourceVersion "1"]
[SourceVersionDate "2022.10.05"]
[SourceQuality "1"]

1. d4 Nf6 2. c4 e6 3. Nf3 d5 4. Nc3 a6 5. cxd5 exd5 6. Bg5 c6 7. e3 Be6 8. Bd3 Nbd7 9. 0-0 h6 10. Bh4 g5 11. Bg3 Nh5 12. Re1 Nxg3 13. hxg3 Qc7 14. e4 dxe4 15. Nxe4 0-0-0 16. Qc2 Bg7 17. Rac1 Kb8 18. b4 g4 19. Ne5 Nxe5 20. dxe5 Bxe5 21. Nc5 Bc8 22. a4 Bd4 23. Nb3 Ba7 24. Nc5 h5 25. b5 cxb5 26. axb5 Qxc5 27. Qxc5 Bxc5 28. Rxc5 Rxd3 29. b6 Rhd8 30. Rxh5 Rd1 31. Rxd1 Rxd1+ 32. Kh2 Rb1 33. Rh6 a5 34. Rf6 a4 35. f3 a3 36. fxg4 a2 0-1

[Event "Titled Tuesday intern op 05th Jul Early"]
[Site "Chess.com INT"]
[Date "2022.07.05"]
[Round "2"]
[White "Bekturov, Tamerlan"]
[Black "Putri, Regita Desyari"]
[Result "1-0"]
[WhiteElo "2219"]
[BlackElo "1897"]
[PlyCount "89"]
[EventDate "2022.07.05"]
[EventType "swiss (blitz)"]
[EventRounds "11"]
[EventCountry "USA"]
[SourceTitle "CBM 209 Extra"]
[Source "ChessBase"]
[SourceDate "2022.09.30"]
[SourceVersion "1"]
[SourceVersionDate "2022.09.30"]
[SourceQuality "1"]

1. d4 Nf6 2. c4 e6 3. g3 d5 4. Bg2 Bb4+ 5. Bd2 a5 6. Nf3 0-0 7. 0-0 b6 8. a3 Bd6 9. cxd5 exd5 10. Nc3 Bb7 11. Rc1 c5 12. Nb5 Be7 13. Bf4 Na6 14. dxc5 bxc5 15. Nd2 Bc6 16. Nc3 Rc8 17. Bh3 Ra8 18. Na4 Ra7 19. Nf3 Qe8 20. b3 Bxa4 21. bxa4 d4 22. Ne5 Nd5 23. Bd2 Bd6 24. Nc4 Bc7 25. Bg2 Nb6 26. Nxa5 Qxa4 27. Nc6 Raa8 28. Qxa4 Nxa4 29. Ne7+ Kh8 30. Bxa8 Rxa8 31. Nd5 Bd6 32. Rc4 Nb6 33. Nxb6 Rb8 34. Rb1 Nc7 35. Rcc1 Ne6 36. Nc4 Rxb1 37. Rxb1 Bf8 38. Rb8 g6 39. f4 Kg7 40. Kf2 Be7 41. a4 Nc7 42. a5 Nd5 43. a6 Nf6 44. a7 Ne4+ 45. Kf3 1-0

[Event "Titled Tuesday intern op 28th Jun Early"]
[Site "Chess.com INT"]
[Date "2022.06.28"]
[Round "1"]
[White "Bekturov, Tamerlan"]
[Black "Pourkashiyan, Atousa"]
[Result "1-0"]
[WhiteElo "2214"]
[BlackElo "2322"]
[PlyCount "103"]
[EventDate "2022.06.28"]
[EventType "swiss (blitz)"]
[EventRounds "11"]
[EventCountry "USA"]
[SourceTitle "CBM 209 Extra"]
[Source "ChessBase"]
[SourceDate "2022.09.30"]
[SourceVersion "1"]
[SourceVersionDate "2022.09.30"]
[SourceQuality "1"]

1. d4 Nf6 2. c4 e6 3. g3 Bb4+ 4. Bd2 Bxd2+ 5. Qxd2 d5 6. Bg2 0-0 7. Nf3 b6 8. cxd5 exd5 9. 0-0 Be6 10. Nc3 c6 11. Ne5 Nfd7 12. Nd3 Re8 13. Rac1 Na6 14. Nf4 Nc7 15. e4 dxe4 16. Nxe4 Nd5 17. Rxc6 Nxf4 18. Qxf4 Bd5 19. Rd6 Bxe4 20. Bxe4 Qe7 21. Bxa8 Rxa8 22. Rc6 Nf6 23. Rfc1 Qd7 24. Rc7 Qh3 25. Qh4 Qf5 26. Qf4 Qh3 27. Re1 h6 28. Ree7 Rf8 29. Qf3 Ng4 30. Qg2 Qh5 31. Rxa7 Qb5 32. f3 Nf6 33. Qe2 Qc6 34. Kg2 h5 35. Re5 h4 36. Rae7 Rd8 37. Qd3 Ng4 38. Rh5 h3+ 39. Rxh3 g6 40. Rh4 Nf6 41. Re2 Nd5 42. Rhe4 Nb4 43. Qb3 Nd5 44. Rc2 Qd6 45. Rce2 Qc6 46. a4 Ra8 47. Qb5 Qxb5 48. axb5 Ra5 49. Re5 Rxb5 50. Kf2 Ra5 51. Rc2 Kg7 52. g4 1-0

[Event "Titled Tuesday intern op 28th Jun Early"]
[Site "Chess.com INT"]
[Date "2022.06.28"]
[Round "2"]
[White "Dushyant, Sharma"]
[Black "Bekturov, Tamerlan"]
[Result "0-1"]
[WhiteElo "2416"]
[BlackElo "2214"]
[PlyCount "58"]
[EventDate "2022.06.28"]
[EventType "swiss (blitz)"]
[EventRounds "11"]
[EventCountry "USA"]
[SourceTitle "CBM 209 Extra"]
[Source "ChessBase"]
[SourceDate "2022.09.30"]
[SourceVersion "1"]
[SourceVersionDate "2022.09.30"]
[SourceQuality "1"]

1. e4 c5 2. Nf3 Nf6 3. d4 Nxe4 4. Bd3 d5 5. c3 Nc6 6. 0-0 Bg4 7. Be3 cxd4 8. cxd4 e6 9. Nc3 Nxc3 10. bxc3 Bd6 11. Rb1 Qe7 12. h3 Bh5 13. Qe2 0-0 14. Rfe1 e5 15. dxe5 Nxe5 16. g4 Nxd3 17. Qxd3 Bg6 18. Qxd5 Be4 19. Qd4 Bxf3 20. Bh6 Qf6 21. Qxf6 gxf6 22. Bxf8 Kxf8 23. Re3 Bc6 24. c4 Bc5 25. Rd3 Re8 26. Rbd1 Re2 27. R3d2 Re4 28. Rd8+ Kg7 29. Rc1 Re2 0-1

[Event "Titled Tuesday intern op 28th Jun Late"]
[Site "Chess.com INT"]
[Date "2022.06.28"]
[Round "7"]
[White "Matlakov, Maxim"]
[Black "Bekturov, Tamerlan"]
[Result "1/2-1/2"]
[WhiteElo "2671"]
[BlackElo "2214"]
[PlyCount "125"]
[EventDate "2022.06.28"]
[EventType "swiss (blitz)"]
[EventRounds "11"]
[EventCountry "USA"]
[SourceTitle "CBM 209 Extra"]
[Source "ChessBase"]
[SourceDate "2022.09.30"]
[SourceVersion "1"]
[SourceVersionDate "2022.09.30"]
[SourceQuality "1"]

1. e4 e5 2. Nf3 Nc6 3. Bb5 a6 4. Ba4 Nf6 5. d3 b5 6. Bb3 d6 7. a4 Rb8 8. axb5 axb5 9. h3 Be7 10. 0-0 0-0 11. Nc3 Be6 12. Nd5 Bxd5 13. exd5 Nb4 14. d4 e4 15. Nd2 Ra8 16. Rxa8 Qxa8 17. Qe2 Nbxd5 18. Nxe4 Qb7 19. Ng3 Re8 20. Nf5 Bf8 21. Qf3 c6 22. c3 Qd7 23. Bc2 g6 24. Nh6+ Kh8 25. Bg5 Bg7 26. Ra1 Rf8 27. Re1 Re8 28. Ra1 Rf8 29. Bb3 Qe6 30. Bxf6 Bxf6 31. Ng4 Bg7 32. Ne3 b4 33. cxb4 Bxd4 34. b5 Bxe3 35. bxc6 Bxf2+ 36. Kxf2 Qf6 37. Qxf6+ Nxf6 38. Rc1 Ne4+ 39. Ke3 Nc5 40. Bd5 Rc8 41. b4 Ne6 42. b5 Nc7 43. Bf3 Rb8 44. Rb1 Rxb5 45. Rxb5 Nxb5 46. Ke4 Kg8 47. Kd5 Kf8 48. Bg4 Ke7 49. Be2 Nc7+ 50. Kc4 Kd8 51. Kd4 Ne6+ 52. Kd5 Kc7 53. Bc4 Nf4+ 54. Ke4 d5+ 55. Bxd5 Nxg2 56. Bxf7 Kxc6 57. Ke5 Kd7 58. Kf6 Nf4 59. h4 Ng2 60. Kg5 Ke7 61. Bg8 h6+ 62. Kxg6 Nxh4+ 63. Kxh6 1/2-1/2

[Event "Titled Tuesday intern op 28th Jun Late"]
[Site "Chess.com INT"]
[Date "2022.06.28"]
[Round "9"]
[White "Popilski, Gil"]
[Black "Bekturov, Tamerlan"]
[Result "1-0"]
[WhiteElo "2458"]
[BlackElo "2214"]
[PlyCount "37"]
[EventDate "2022.06.28"]
[EventType "swiss (blitz)"]
[EventRounds "11"]
[EventCountry "USA"]
[SourceTitle "CBM 209 Extra"]
[Source "ChessBase"]
[SourceDate "2022.09.30"]
[SourceVersion "1"]
[SourceVersionDate "2022.09.30"]
[SourceQuality "1"]

1. e4 c5 2. Nf3 Nf6 3. e5 Nd5 4. Nc3 Nc7 5. Ne4 b6 6. d4 cxd4 7. Bg5 f6 8. Bh4 Bb7 9. Bd3 Nc6 10. 0-0 Ne6 11. Re1 Qc7 12. exf6 gxf6 13. Bg3 Ne5 14. Nxe5 fxe5 15. Qh5+ Kd8 16. Bxe5 Qc6 17. Bxh8 Kc7 18. Be5+ d6 19. Bg3 1-0

[Event "Titled Tuesday intern op 28th Jun Late"]
[Site "Chess.com INT"]
[Date "2022.06.28"]
[Round "1"]
[White "Sarkar, Justin"]
[Black "Bekturov, Tamerlan"]
[Result "0-1"]
[WhiteElo "2348"]
[BlackElo "2214"]
[PlyCount "48"]
[EventDate "2022.06.28"]
[EventType "swiss (blitz)"]
[EventRounds "11"]
[EventCountry "USA"]
[SourceTitle "CBM 209 Extra"]
[Source "ChessBase"]
[SourceDate "2022.09.30"]
[SourceVersion "1"]
[SourceVersionDate "2022.09.30"]
[SourceQuality "1"]

1. d4 d5 2. a3 Nf6 3. Bf4 c5 4. dxc5 e6 5. b4 a5 6. Nc3 b6 7. Nb5 Na6 8. c6 axb4 9. Nf3 bxa3 10. e3 Bb4+ 11. c3 Bc5 12. Bd3 0-0 13. 0-0 h6 14. Ne5 Qe8 15. g4 Ne4 16. Bxe4 dxe4 17. Nd6 Qe7 18. Nxc8 Rfxc8 19. Qd7 f6 20. Ng6 Qxd7 21. cxd7 Rd8 22. Rfd1 e5 23. Bg3 Kf7 24. Nh4 Ra7 0-1

[Event "Aktobe Dvorkovich op"]
[Site "Aktobe"]
[Date "2022.06.16"]
[Round "3"]
[White "Agmanov, Zhandos"]
[Black "Bekturov, Tamerlan"]
[Result "1-0"]
[WhiteElo "2436"]
[BlackElo "2214"]
[PlyCount "77"]
[EventDate "2022.06.14"]
[EventType "swiss"]
[EventRounds "9"]
[EventCountry "KAZ"]
[SourceTitle "CBM 208 Extra"]
[Source "ChessBase"]
[SourceDate "2022.07.31"]
[SourceVersion "1"]
[SourceVersionDate "2022.07.31"]
[SourceQuality "1"]

1. e4 c5 2. Nf3 d6 3. Bb5+ Nd7 4. d4 cxd4 5. Nxd4 a6 6. Bd3 Ngf6 7. c4 e6 8. 0-0 b6 9. Nc3 Bb7 10. Qe2 Be7 11. f4 0-0 12. Kh1 g6 13. Bd2 Qb8 14. Rae1 Nc5 15. Bc2 e5 16. Nf3 b5 17. fxe5 dxe5 18. b4 Ne6 19. Nd5 Bd8 20. Bc3 Nf4 21. Nxf4 exf4 22. Be5 Qc8 23. c5 a5 24. a3 axb4 25. axb4 Ra2 26. Ra1 Rxa1 27. Rxa1 Qe6 28. Qxb5 Bxe4 29. Bxe4 Nxe4 30. Qe2 Qf5 31. Re1 Nf6 32. Bd6 Re8 33. Qxe8+ Nxe8 34. Rxe8+ Kg7 35. Rxd8 g5 36. c6 Qb1+ 37. Ng1 f3 38. gxf3 g4 39. c7 1-0

[Event "Titled Tuesday intern op 31st May Early"]
[Site "Chess.com INT"]
[Date "2022.05.31"]
[Round "5"]
[White "Bekturov, Tamerlan"]
[Black "Kovalev, Vladislav"]
[Result "0-1"]
[WhiteElo "2241"]
[BlackElo "2623"]
[PlyCount "68"]
[EventDate "2022.05.31"]
[EventType "swiss (blitz)"]
[EventRounds "11"]
[EventCountry "USA"]
[SourceTitle "CBM 208 Extra"]
[Source "ChessBase"]
[SourceDate "2022.07.31"]
[SourceVersion "1"]
[SourceVersionDate "2022.07.31"]
[SourceQuality "1"]

1. d4 Nf6 2. c4 e6 3. g3 d5 4. Bg2 Be7 5. Nf3 0-0 6. 0-0 dxc4 7. Ne5 c5 8. dxc5 Qc7 9. Nxc4 Rd8 10. Qb3 Nc6 11. e3 Bxc5 12. Nc3 e5 13. Nb5 Qe7 14. Qc2 e4 15. a3 a6 16. Nc3 Bf5 17. b4 Ba7 18. Bb2 Rac8 19. Qe2 Bg4 20. Qe1 Nxb4 21. axb4 Rxc4 22. b5 Qb4 23. Ra4 Qb3 24. Rxc4 Qxc4 25. bxa6 bxa6 26. h3 Bf3 27. Qa1 h5 28. Rc1 Bxg2 29. Kxg2 Bxe3 30. fxe3 Rd2+ 31. Kg1 Qd3 32. Re1 Qc2 33. Nd1 Rg2+ 34. Kf1 Rh2 0-1

[Event "Titled Tuesday intern op 31st May Early"]
[Site "Chess.com INT"]
[Date "2022.05.31"]
[Round "6"]
[White "Bekturov, Tamerlan"]
[Black "Svane, Rasmus"]
[Result "1/2-1/2"]
[WhiteElo "2241"]
[BlackElo "2651"]
[PlyCount "147"]
[EventDate "2022.05.31"]
[EventType "swiss (blitz)"]
[EventRounds "11"]
[EventCountry "USA"]
[SourceTitle "CBM 208 Extra"]
[Source "ChessBase"]
[SourceDate "2022.07.31"]
[SourceVersion "1"]
[SourceVersionDate "2022.07.31"]
[SourceQuality "1"]

1. d4 Nf6 2. c4 e6 3. Nf3 d5 4. g3 h6 5. Bg2 Bd6 6. 0-0 0-0 7. Nc3 Nc6 8. cxd5 exd5 9. Nb5 Bf5 10. Nxd6 Qxd6 11. Bf4 Qd7 12. Ne5 Nxe5 13. dxe5 Ne4 14. f3 Nc5 15. b4 Ne6 16. e4 Nxf4 17. gxf4 dxe4 18. fxe4 Qxd1 19. Rfxd1 Bg4 20. Rdc1 c6 21. h3 Bh5 22. Kf2 Rfd8 23. Ke3 Rd7 24. Bf1 Rad8 25. Rc2 Kf8 26. b5 cxb5 27. Bxb5 Re7 28. Rac1 g5 29. Rc8 Rxc8 30. Rxc8+ Kg7 31. Rc5 gxf4+ 32. Kxf4 Bg6 33. Bc4 b6 34. Rc8 Rd7 35. Bd5 Bh5 36. e6 fxe6 37. Bxe6 Re7 38. Bd5 Bf7 39. Kf5 Bg6+ 40. Kf4 Bf7 41. Rb8 Rc7 42. a3 Kf6 43. e5+ Ke7 44. Bxf7 Kxf7 45. Kf5 Kg7 46. Ra8 a5 47. Rb8 Rc6 48. Rb7+ Kf8 49. e6 Rc3 50. a4 Rc4 51. Rxb6 Rxa4 52. Rb8+ Ke7 53. Rb7+ Ke8 54. Kf6 Rf4+ 55. Ke5 Rh4 56. Kf6 Rf4+ 57. Ke5 Rf3 58. Rb8+ Ke7 59. Rb7+ Kd8 60. Kd6 Rd3+ 61. Ke5 Rxh3 62. Ra7 Re3+ 63. Kf5 Ra3 64. Kf6 Rf3+ 65. Ke5 Rg3 66. Kf6 Rf3+ 67. Kg7 h5 68. Rxa5 h4 69. Rh5 h3 70. Kg6 Ke7 71. Kg5 Kxe6 72. Kg4 Re3 73. Rxh3 Rxh3 74. Kxh3 1/2-1/2

[Event "Titled Tuesday intern op 12th Apr Early"]
[Site "Chess.com INT"]
[Date "2022.04.12"]
[Round "3"]
[White "Bekturov, Tamerlan"]
[Black "Khamdamova, Afruza"]
[Result "1-0"]
[WhiteElo "2241"]
[BlackElo "1771"]
[PlyCount "91"]
[EventDate "2022.04.12"]
[EventType "swiss (blitz)"]
[EventRounds "11"]
[EventCountry "USA"]
[SourceTitle "CBM 207 Extra"]
[Source "ChessBase"]
[SourceDate "2022.05.31"]
[SourceVersion "1"]
[SourceVersionDate "2022.05.31"]
[SourceQuality "1"]

1. d4 Nf6 2. c4 e6 3. g3 d5 4. Bg2 dxc4 5. Nf3 c5 6. 0-0 Nc6 7. dxc5 Qxd1 8. Rxd1 Bxc5 9. Nbd2 c3 10. bxc3 0-0 11. Nb3 Bb6 12. Nfd4 Bd7 13. Bg5 Rac8 14. a4 a6 15. a5 Ba7 16. Bxf6 gxf6 17. Nf5 Ne5 18. Ne7+ Kg7 19. Nxc8 Rxc8 20. e3 Rxc3 21. Nd4 Bc6 22. Nxc6 bxc6 23. Rdc1 Rxc1+ 24. Rxc1 c5 25. Rb1 c4 26. Bf1 Bc5 27. Rc1 Ba3 28. Rc2 Bb4 29. Bxc4 Nxc4 30. Rxc4 Bxa5 31. Ra4 Bc7 32. Rxa6 Be5 33. Kg2 f5 34. f4 Bf6 35. Kf3 Kg6 36. e4 Bd4 37. exf5+ Kxf5 38. g4+ Kf6 39. Ke4 Bg1 40. h4 Kg7 41. h5 h6 42. f5 exf5+ 43. gxf5 Bh2 44. f6+ Kh7 45. Kf5 Bd6 46. Rxd6 1-0

[Event "Titled Tuesday intern op 12th Apr Early"]
[Site "Chess.com INT"]
[Date "2022.04.12"]
[Round "1"]
[White "Bekturov, Tamerlan"]
[Black "Osmonbekov, Talaibek D"]
[Result "1-0"]
[WhiteElo "2241"]
[BlackElo "2137"]
[PlyCount "63"]
[EventDate "2022.04.12"]
[EventType "swiss (blitz)"]
[EventRounds "11"]
[EventCountry "USA"]
[SourceTitle "CBM 207 Extra"]
[Source "ChessBase"]
[SourceDate "2022.05.31"]
[SourceVersion "1"]
[SourceVersionDate "2022.05.31"]
[SourceQuality "1"]

1. d4 e6 2. c4 f5 3. Nc3 Bb4 4. Qc2 Nf6 5. a3 Bxc3+ 6. Qxc3 0-0 7. g3 d6 8. Bg2 a5 9. Nh3 Nc6 10. 0-0 Qe8 11. d5 Ne5 12. Nf4 Ne4 13. Qc2 Nc5 14. Be3 a4 15. Bxc5 dxc5 16. dxe6 c6 17. Qc3 Ng4 18. h3 g5 19. hxg4 gxf4 20. gxf5 Rxf5 21. gxf4 Bxe6 22. Qg3+ Kh8 23. e4 Rf8 24. f5 Bxc4 25. Qc3+ Kg8 26. Qxc4+ Rf7 27. Rad1 Kh8 28. f4 Rg7 29. f6 Rxg2+ 30. Kxg2 Qg6+ 31. Kf2 Qxf6 32. Qc3 1-0

[Event "Titled Tuesday intern op 12th Apr Early"]
[Site "Chess.com INT"]
[Date "2022.04.12"]
[Round "6"]
[White "Svane, Rasmus"]
[Black "Bekturov, Tamerlan"]
[Result "1-0"]
[WhiteElo "2648"]
[BlackElo "2241"]
[PlyCount "81"]
[EventDate "2022.04.12"]
[EventType "swiss (blitz)"]
[EventRounds "11"]
[EventCountry "USA"]
[SourceTitle "CBM 207 Extra"]
[Source "ChessBase"]
[SourceDate "2022.05.31"]
[SourceVersion "1"]
[SourceVersionDate "2022.05.31"]
[SourceQuality "1"]

1. Nf3 d5 2. g3 Nf6 3. Bg2 Nbd7 4. d4 Nb6 5. Nc3 Bf5 6. Nh4 Be6 7. 0-0 g6 8. Nf3 Bg7 9. Ng5 Bf5 10. a4 h6 11. Nf3 a5 12. Nh4 Be6 13. Re1 0-0 14. Qd3 Qd7 15. e4 dxe4 16. Nxe4 Nxe4 17. Bxe4 c6 18. c3 Bc4 19. Qc2 Bd5 20. Nf3 Bxe4 21. Qxe4 Qd5 22. Qe2 Rfe8 23. h4 Qc4 24. Bf4 Qxe2 25. Rxe2 Nd5 26. Bd2 b5 27. Ne5 Ra6 28. Nd3 Nb6 29. Nc5 Raa8 30. Bf4 e6 31. axb5 cxb5 32. Bc7 Nd5 33. Bxa5 b4 34. Ree1 bxc3 35. Bxc3 Rac8 36. Ra7 Red8 37. Rea1 Nf6 38. Rb7 h5 39. Raa7 Rf8 40. Nd7 Nxd7 41. Rxd7 1-0

[Event "Titled Tuesday intern op 19th Oct"]
[Site "Chess.com INT"]
[Date "2021.10.19"]
[Round "2"]
[White "Bekturov, Tamerlan"]
[Black "Omariev, Maksim"]
[Result "1-0"]
[WhiteElo "2244"]
[BlackElo "2304"]
[PlyCount "97"]
[EventDate "2021.10.19"]
[EventType "swiss (blitz)"]
[EventRounds "11"]
[EventCountry "USA"]
[SourceTitle "CBM 204 Extra"]
[Source "ChessBase"]
[SourceDate "2021.11.30"]
[SourceVersion "1"]
[SourceVersionDate "2021.11.30"]
[SourceQuality "1"]

1. d4 d5 2. c4 c6 3. cxd5 cxd5 4. Bf4 Nc6 5. e3 Nf6 6. Nc3 a6 7. Be2 Bf5 8. Nf3 e6 9. Qb3 Bb4 10. 0-0 0-0 11. Rfc1 Rc8 12. a3 Bxc3 13. Qxc3 Ne4 14. Qe1 b5 15. h3 h6 16. Ne5 Nxe5 17. Bxe5 Qb6 18. f3 Nd6 19. Qg3 Rxc1+ 20. Rxc1 Ne8 21. Qe1 Nd6 22. Qb4 Rd8 23. Qc5 Qxc5 24. Rxc5 f6 25. Bxd6 Rxd6 26. Kf2 Bb1 27. Ke1 Ba2 28. Kd2 Kf7 29. Bd1 Bc4 30. g3 g5 31. h4 gxh4 32. gxh4 Kg6 33. f4 Kf5 34. Bf3 Bf1 35. Rc8 Bh3 36. Rh8 Kg6 37. h5+ Kg7 38. Rc8 e5 39. Rc7+ Rd7 40. Rxd7+ Bxd7 41. dxe5 fxe5 42. fxe5 Bc6 43. Kd3 Kf7 44. Kd4 Ke6 45. Bg4+ Ke7 46. Bf5 Be8 47. Bg4 Bf7 48. Bf3 Bxh5 49. Bxh5 1-0

[Event "Titled Tuesday intern op 19th Oct"]
[Site "Chess.com INT"]
[Date "2021.10.19"]
[Round "11"]
[White "Bekturov, Tamerlan"]
[Black "Papasimakopoulos, Alexandros"]
[Result "1-0"]
[WhiteElo "2244"]
[BlackElo "2248"]
[PlyCount "49"]
[EventDate "2021.10.19"]
[EventType "swiss (blitz)"]
[EventRounds "11"]
[EventCountry "USA"]
[SourceTitle "CBM 204 Extra"]
[Source "ChessBase"]
[SourceDate "2021.11.30"]
[SourceVersion "1"]
[SourceVersionDate "2021.11.30"]
[SourceQuality "1"]

1. d4 e6 2. c4 Nf6 3. g3 Bb4+ 4. Bd2 Be7 5. Bg2 d5 6. Nf3 0-0 7. 0-0 c6 8. Qc2 Ne4 9. Bf4 f5 10. Nfd2 Nd7 11. f3 g5 12. Be3 Nd6 13. Bf2 Nf6 14. c5 Nf7 15. e4 fxe4 16. fxe4 e5 17. exd5 Nxd5 18. Nc3 Nxc3 19. bxc3 Bf6 20. Ne4 Bg7 21. Rad1 Bf5 22. dxe5 Qe7 23. Nf6+ Kh8 24. Qxf5 Nxe5 25. Qxh7# 1-0

[Event "Titled Tuesday intern op 19th Oct"]
[Site "Chess.com INT"]
[Date "2021.10.19"]
[Round "4"]
[White "Berezin, Viktor1111"]
[Black "Bekturov, Tamerlan"]
[Result "0-1"]
[WhiteElo "2307"]
[BlackElo "2244"]
[PlyCount "82"]
[EventDate "2021.10.19"]
[EventType "swiss (blitz)"]
[EventRounds "11"]
[EventCountry "USA"]
[SourceTitle "CBM 204 Extra"]
[Source "ChessBase"]
[SourceDate "2021.11.30"]
[SourceVersion "1"]
[SourceVersionDate "2021.11.30"]
[SourceQuality "1"]

1. d4 Nf6 2. Nf3 d5 3. c4 e6 4. g3 dxc4 5. Qc2 b5 6. Bg2 Bb7 7. 0-0 Nbd7 8. a4 a6 9. b3 cxb3 10. Qxb3 c6 11. Rd1 Be7 12. Bb2 0-0 13. Nbd2 Qb6 14. e4 c5 15. a5 Qa7 16. e5 Nd5 17. Ne4 c4 18. Qc2 Rac8 19. Nfg5 g6 20. h4 b4 21. Bc1 b3 22. Qb2 Nb4 23. h5 Qa8 24. hxg6 hxg6 25. Qe2 Nd3 26. Qg4 Kg7 27. Rxd3 cxd3 28. d5 Bxd5 29. Be3 b2 30. Rb1 Nxe5 31. Qf4 Nc4 32. Bd4+ f6 33. Qh4 Rh8 34. Qg4 e5 35. Ne6+ Kf7 36. N4g5+ fxg5 37. Nxg5+ Bxg5 38. Qxg5 Bxg2 39. Bxe5 Nxe5 40. Qxe5 Qd5 41. Qf4+ Kg7 0-1

[Event "Titled Tuesday intern op 19th Oct"]
[Site "Chess.com INT"]
[Date "2021.10.19"]
[Round "1"]
[White "Legenia, Artem"]
[Black "Bekturov, Tamerlan"]
[Result "1/2-1/2"]
[WhiteElo "2092"]
[BlackElo "2244"]
[PlyCount "139"]
[EventDate "2021.10.19"]
[EventType "swiss (blitz)"]
[EventRounds "11"]
[EventCountry "USA"]
[SourceTitle "CBM 204 Extra"]
[Source "ChessBase"]
[SourceDate "2021.11.30"]
[SourceVersion "1"]
[SourceVersionDate "2021.11.30"]
[SourceQuality "1"]

1. e4 c6 2. d4 d5 3. exd5 cxd5 4. Nf3 Nc6 5. c3 Nf6 6. Bd3 Bg4 7. h3 Bh5 8. Bf4 e6 9. Qb3 Qb6 10. Nbd2 Bg6 11. Qxb6 axb6 12. Bb5 Nd7 13. 0-0 f6 14. Rfe1 Kf7 15. Re2 Be7 16. a3 Rhe8 17. Rae1 Bf8 18. Nh4 Bc2 19. Nhf3 g5 20. Bg3 h5 21. h4 g4 22. Nh2 Bf5 23. Nhf1 Ra5 24. a4 e5 25. Ne3 Be6 26. dxe5 fxe5 27. c4 d4 28. Nd5 Bf5 29. Ne4 Bxe4 30. Rxe4 Bd6 31. f4 Nc5 32. b4 Nxe4 33. bxa5 Nxg3 34. a6 Rb8 35. axb7 Nb4 36. fxe5 Bc5 37. Kh2 Nf5 38. e6+ Kf8 39. Nf6 Rxb7 40. Nd7+ Ke7 41. a5 Nd3 42. Rd1 Nf4 43. a6 Ra7 44. Ne5 g3+ 45. Kh1 d3 46. Nc6+ Kxe6 47. Nxa7 Ne3 48. Re1 d2 49. Rxe3+ Bxe3 50. Ba4 Nd3 51. Nc6 b5 52. cxb5 Nf2+ 53. Kg1 d1Q+ 54. Bxd1 Nxd1+ 55. Kf1 Nc3 56. a7 Bxa7 57. Nxa7 Kd7 58. Ke1 Kc7 59. Kd2 Nd5 60. Kd3 Nf4+ 61. Ke4 Nxg2 62. Kf3 Nxh4+ 63. Kxg3 Ng6 64. Nc6 Kb6 65. Nd4 Kc5 66. Nf5 Kxb5 67. Ng7 h4+ 68. Kh3 Kc5 69. Nf5 Kd5 70. Nxh4 1/2-1/2

[Event "Titled Tuesday intern op 19th Oct"]
[Site "Chess.com INT"]
[Date "2021.10.19"]
[Round "6"]
[White "Sjugirov, Sanan"]
[Black "Bekturov, Tamerlan"]
[Result "1-0"]
[WhiteElo "2663"]
[BlackElo "2244"]
[PlyCount "59"]
[EventDate "2021.10.19"]
[EventType "swiss (blitz)"]
[EventRounds "11"]
[EventCountry "USA"]
[SourceTitle "CBM 204 Extra"]
[Source "ChessBase"]
[SourceDate "2021.11.30"]
[SourceVersion "1"]
[SourceVersionDate "2021.11.30"]
[SourceQuality "1"]

1. d4 Nf6 2. c4 e6 3. Nc3 d5 4. cxd5 exd5 5. Bg5 c6 6. e3 Bd6 7. Bd3 Be6 8. Nge2 Nbd7 9. Nf4 Qc7 10. Nxe6 fxe6 11. f4 0-0-0 12. 0-0 h6 13. Bxf6 gxf6 14. Nb5 Qb8 15. Rc1 a6 16. Nxd6+ Qxd6 17. Qa4 Nb8 18. b4 Kd7 19. Qa5 Qc7 20. Qc5 f5 21. a4 b6 22. Qc2 Rc8 23. Qe2 Qb7 24. Qh5 Kd6 25. b5 axb5 26. axb5 c5 27. Bxf5 exf5 28. Qg6+ Kc7 29. dxc5 Rcg8 30. Qd6+ 1-0

[Event "Titled Tuesday intern op 08th June"]
[Site "Chess.com INT"]
[Date "2021.06.08"]
[Round "5"]
[White "Saravana, Krishnan P"]
[Black "Bekturov, Tamerlan"]
[Result "1-0"]
[WhiteElo "2312"]
[BlackElo "2244"]
[PlyCount "111"]
[EventDate "2021.06.08"]
[EventType "swiss (blitz)"]
[EventRounds "11"]
[EventCountry "USA"]
[SourceTitle "CBM 202 Extra"]
[Source "ChessBase"]
[SourceDate "2021.07.31"]
[SourceVersion "1"]
[SourceVersionDate "2021.07.31"]
[SourceQuality "1"]

1. e4 c6 2. Nf3 d5 3. d3 dxe4 4. dxe4 Qc7 5. Bc4 e5 6. a4 Bc5 7. Ng5 Nh6 8. Qh5 0-0 9. h3 Nd7 10. Nf3 Qd6 11. Bxh6 Qxh6 12. Qxh6 gxh6 13. Ke2 Kg7 14. Nbd2 a5 15. Rhd1 Nf6 16. Nxe5 Bd4 17. Nd3 Re8 18. c3 b5 19. axb5 Bb6 20. e5 Nd7 21. Nf3 Bb7 22. Kf1 Nf8 23. Nf4 Ng6 24. Nh5+ Kf8 25. Rd7 Re7 26. Rad1 cxb5 27. Bxb5 Bxf3 28. gxf3 Nxe5 29. Nf6 Nxd7 30. Nxd7+ Rxd7 31. Rxd7 Rd8 32. Rb7 Rd6 33. Bc4 Rf6 34. Bxf7 Bc5 35. Bd5 Rb6 36. Rxb6 Bxb6 37. Ke2 Ke7 38. Be4 Kf6 39. Bxh7 Ke5 40. h4 Kf4 41. h5 Kg5 42. Bg6 Kf4 43. Be4 Kg5 44. Bg6 Kf4 45. Be8 Bc5 46. Bd7 Kg5 47. Bg4 Kf4 48. Kd3 Bxf2 49. Kc4 Be3 50. Kb5 Bc1 51. b3 Bd2 52. c4 Ke5 53. c5 Bb4 54. c6 Kd6 55. Kb6 Bc5+ 56. Kb7 1-0